000
00329cam a2200145ua 4500
003
OSt
008
240513b |||||||| |||| 00| 0 eng d
041
_a
eng
082
_a
954.6
_b
PUB/KA
245
_a
Kashmir /
250
_a
1 /
260
_a
India :
_b
Ministry of I&B, Govt. of India ,
_c
1962.
300
_a
124 ; .
942
_c
BK
999
_c
142
_d
142